export_success — 

Procedural Justice and Relational Theory : Empirical, Philosophical, and Legal Perspectives.

Bibliographic Details
Main Author: Meyerson, Denise.
Other Authors: Mackenzie, Catriona., MacDermott, Therese.
Format: eBook
Language:English
Published: Milton : Taylor & Francis Group, 2020.
Edition:1st ed.
Series:Routledge Research in Legal Philosophy Series
Subjects:
Online Access:Click to View
LEADER 01681nam a22004093i 4500
001 EBC7244754
003 MiAaPQ
005 20231204023228.0
006 m o d |
007 cr cnu||||||||
008 231204s2020 xx o ||||0 eng d
020 |a 9781000207668  |q (electronic bk.) 
020 |z 9780367321727 
035 |a (MiAaPQ)EBC7244754 
035 |a (Au-PeEL)EBL7244754 
035 |a (OCoLC)1378937626 
040 |a MiAaPQ  |b eng  |e rda  |e pn  |c MiAaPQ  |d MiAaPQ 
082 0 |a 340.114 
100 1 |a Meyerson, Denise. 
245 1 0 |a Procedural Justice and Relational Theory :  |b Empirical, Philosophical, and Legal Perspectives. 
250 |a 1st ed. 
264 1 |a Milton :  |b Taylor & Francis Group,  |c 2020. 
264 4 |c Ã2021. 
300 |a 1 online resource (285 pages) 
336 |a text  |b txt  |2 rdacontent 
337 |a computer  |b c  |2 rdamedia 
338 |a online resource  |b cr  |2 rdacarrier 
490 1 |a Routledge Research in Legal Philosophy Series 
588 |a Description based on publisher supplied metadata and other sources. 
590 |a Electronic reproduction. Ann Arbor, Michigan : ProQuest Ebook Central, 2023. Available via World Wide Web. Access may be limited to ProQuest Ebook Central affiliated libraries.  
655 4 |a Electronic books. 
700 1 |a Mackenzie, Catriona. 
700 1 |a MacDermott, Therese. 
776 0 8 |i Print version:  |a Meyerson, Denise  |t Procedural Justice and Relational Theory  |d Milton : Taylor & Francis Group,c2020  |z 9780367321727 
797 2 |a ProQuest (Firm) 
830 0 |a Routledge Research in Legal Philosophy Series 
856 4 0 |u https://ebookcentral.proquest.com/lib/matrademy/detail.action?docID=7244754  |z Click to View